000 00326 a2200157 4500
001 152109
040 _cEscola São Tomás de Aquino
100 _aCARR, Stella
240 1 0 _aParanóia
_lpor
245 1 0 _aParanóia
300 _a142
362 0 _a2004
440 1 _aFTD
697 _a*LITERATURA JUVENIL
942 _cBK
999 _c152109
_d152109